|
|
|
|
| LEADER |
00000nam a22000007a 4500 |
| 005 |
20190910235313.0 |
| 007 |
cr|||| |||| |
| 008 |
190911s2018 br |||||s|||| 00||0 por d |
| 020 |
|
|
|a 978-85-88576-089-5
|
| 035 |
|
|
|a 30252
|
| 040 |
|
|
|a vLex
|
| 090 |
|
|
|c 9467
|d 9467
|
| 100 |
1 |
|
|a de Araujo Lima Filho, Altamiro
|
| 245 |
1 |
0 |
|a Cd̤igo de Trńsito Brasileiro
|h [Recurso electrn̤ico] :
|b Comentr̀ios aos crimes /
|c Altamiro de Araujo Lima Filho
|
| 256 |
|
|
|a Servicio en ln̕ea
|
| 260 |
|
|
|a San Pablo:
|b Editora Mundo Jurd̕ico,
|c 2018
|
| 300 |
|
|
|a 1 recurso electrn̤ico
|
| 506 |
1 |
|
|a Disponible solo en los productos indicados
|d vLex Global
|d vLex Global (Academic Edition, excluding Law Schools)
|d vLex Global (U.S. Academic Edition, Law Schools)
|d vLex Global (U.S. Academic Edition, excluding Law Schools)
|d vLex Global (Academic Edition, Law Schools)
|
| 650 |
0 |
4 |
|a Derecho Pb︢lico y Administrativo
|z Brasil
|
| 740 |
0 |
|
|a vLex Libros (Servicio en ln̕ea)
|
| 856 |
4 |
0 |
|u http://vlex.com/source/codigo-tr-nsito-brasileiro-comentarios-crimes-30252
|z Acceso restringido
|
| 942 |
|
|
|c BOOK
|
| 999 |
0 |
|
|a Public and Administrative Law
|